000 00623nam a22002297a 4500
003 UA-OsUOA
001 66236
007 ta
008 20091225b un ||||| |||| 00| 0 ukr d
100 _aЛевченко Л.
090 _a821.161.2-1
_bЛ38
942 _cBK
040 _aUA-OsUOA
_cUA-OsUOA
_dUA-OsUOA
245 _aРайське яблуко
300 _a184 с.
955 _a3
080 _a821.161.2-1
020 _a978-966-383-101-5
260 _aДніпропетровськ
_bЛіра ЛТД
_c2006
650 7 _a82 Література. Літературознавство
_2UDC
999 _c352091
_d352091